|
|
|
|
| LEADER |
00000nab#a22000007a#4500 |
| 001 |
arbauad030226 |
| 003 |
AR-BaUAD |
| 005 |
20250711112452.0 |
| 008 |
980226|||||||||###||||||b###|0###a|spa|| |
| 040 |
|
|
|a AR-BaUAD
|c AR-BaUAD
|b spa
|
| 100 |
|
|
|a Goldstaub Dainotto, Edna
|
| 245 |
|
|
|a Showcase for Commercial Creativity /
|c Edna Goldstaub Dainotto; Martin Pedersen;
|
| 300 |
0 |
|
|b fot.
|
| 500 |
|
|
|a Entrevista a Murray Moss, dueño de un local de Nueva York, llamado MOSS, que es una especie de museo-comercio, donde pueden adquirirse piezas de diseño industrial.
|
| 653 |
|
|
|a DISEÑO INDUSTRIAL
|
| 653 |
|
|
|a MOSS, MURRAY
|
| 653 |
|
|
|a EMPRESAS
|
| 653 |
|
|
|a ESTADOS UNIDOS
|
| 653 |
|
|
|a NUEVA YORK
|
| 653 |
|
|
|a LOCALES COMERCIALES
|
| 653 |
|
|
|a OBJETOS
|
| 653 |
|
|
|a MOSS
|
| 700 |
1 |
|
|a Pedersen, Martin
|
| 773 |
0 |
|
|t GRAPHIS
|g no. 311 [oct.-nov. 1997], p. 96-99
|
| 942 |
|
|
|c ARTI
|
| 952 |
|
|
|0 0
|1 0
|4 0
|7 0
|9 75145
|a AR-BAuAD
|b AR-BAuAD
|d 2025-07-11
|l 0
|p AAQA030226
|r 2025-07-11 11:24:52
|w 2025-07-11
|y ARTI
|
| 990 |
|
|
|a DI199
|b TD
|
| 998 |
|
|
|a AAQ
|b BIBUN76
|
| 999 |
|
|
|c 54818
|d 54818
|